<?xml version="1.0" encoding="UTF-8"?><marc:collection xmlns:marc="http://www.loc.gov/MARC21/slim">
  <marc:record>
    <marc:leader>00000nam  2200000za 4500</marc:leader>
    <marc:controlfield tag="001">9.843700</marc:controlfield>
    <marc:controlfield tag="003">CaOODSP</marc:controlfield>
    <marc:controlfield tag="005">20221107152600</marc:controlfield>
    <marc:controlfield tag="007">cr |||||||||||</marc:controlfield>
    <marc:controlfield tag="008">170915s2017    onc     o    f100 0 fre d</marc:controlfield>
    <marc:datafield tag="040" ind1=" " ind2=" ">
      <marc:subfield code="a">CaOODSP</marc:subfield>
      <marc:subfield code="b">fre</marc:subfield>
    </marc:datafield>
    <marc:datafield tag="041" ind1=" " ind2=" ">
      <marc:subfield code="a">fre</marc:subfield>
      <marc:subfield code="b">eng</marc:subfield>
    </marc:datafield>
    <marc:datafield tag="043" ind1=" " ind2=" ">
      <marc:subfield code="a">n-cn---</marc:subfield>
    </marc:datafield>
    <marc:datafield tag="086" ind1="1" ind2=" ">
      <marc:subfield code="a">Fs70-4/2017-032F-PDF</marc:subfield>
    </marc:datafield>
    <marc:datafield tag="245" ind1="0" ind2="0">
      <marc:subfield code="a">Compte rendu de l’examen national par les pairs sur les critères de risque écologique à l'appui de la gestion intégrée des océans </marc:subfield>
      <marc:subfield code="h">[ressource électronique] : </marc:subfield>
      <marc:subfield code="b">du 9 au 11 décembre 2014, Ottawa (Ontario) / </marc:subfield>
      <marc:subfield code="c">présidents, Jake Rice ... [et al.].</marc:subfield>
    </marc:datafield>
    <marc:datafield tag="260" ind1=" " ind2=" ">
      <marc:subfield code="a">Ottawa : </marc:subfield>
      <marc:subfield code="b">Pêches et Océans Canada, Secrétariat canadien de consultation scientifique, </marc:subfield>
      <marc:subfield code="c">2017.</marc:subfield>
    </marc:datafield>
    <marc:datafield tag="300" ind1=" " ind2=" ">
      <marc:subfield code="a">v, 12 p.</marc:subfield>
    </marc:datafield>
    <marc:datafield tag="490" ind1="1" ind2=" ">
      <marc:subfield code="a">Secrétariat canadien de consultation scientifique (SCCS), compte rendu, </marc:subfield>
      <marc:subfield code="x">2292-4264 ; </marc:subfield>
      <marc:subfield code="v">2017/032, Région de la capitale nationale</marc:subfield>
    </marc:datafield>
    <marc:datafield tag="500" ind1=" " ind2=" ">
      <marc:subfield code="a">Titre de la couv.</marc:subfield>
    </marc:datafield>
    <marc:datafield tag="500" ind1=" " ind2=" ">
      <marc:subfield code="a">« Août 2017. »</marc:subfield>
    </marc:datafield>
    <marc:datafield tag="500" ind1=" " ind2=" ">
      <marc:subfield code="a">Publ. aussi en anglais sous le titre : Proceedings of a national peer review on ecological risk criteria to support integrated oceans management: December 9-11, 2014, Ottawa, Ontario.</marc:subfield>
    </marc:datafield>
    <marc:datafield tag="520" ind1=" " ind2=" ">
      <marc:subfield code="a">« La gestion intégrée des océans (GIO) est une méthode de planification et de gestion des activités humaines en milieu marin visant à réduire le risque de conflits et à assurer l'utilisation durable des ressources marines et de l'espace océanique communs. Un processus de consultation scientifique nationale a eu lieu du 9 au 11 décembre 2014, à Ottawa (Ontario) afin de fournir des conseils au sujet de l'élaboration d'une approche rigoureusement scientifique visant à déterminer l'impact des pressions découlant des activités anthropiques sur les composantes de l’écosystème et leurs fonctions écologiques. Au total, 26 participants provenant notamment de Pêches et Océans Canada (MPO) et d'autres organisations externes ont pris part à ce processus de consultation. L'avis scientifique offert lors de cette réunion comprend une méthode permettant de déterminer le degré d'impact d'une pression sur une composante de l'écosystème et, finalement, sur la fonction de l'écosystème qu'elle soutient. Cette méthode comprend des critères d'impact écologiques fondés sur des niveaux d'impact croissants sur la fonction de l'écosystème découlant des modifications apportées à une composante de l'écosystème. La méthode élaborée lors de cette réunion ne représente qu'un aspect d'un processus de gestion du risque plus exhaustif pour les praticiens de la GIO » -- Sommaire, p. iv.</marc:subfield>
    </marc:datafield>
    <marc:datafield tag="546" ind1=" " ind2=" ">
      <marc:subfield code="a">Comprend un sommaire en anglais.</marc:subfield>
    </marc:datafield>
    <marc:datafield tag="692" ind1="0" ind2="7">
      <marc:subfield code="2">gccst</marc:subfield>
      <marc:subfield code="a">Écosystème aquatique</marc:subfield>
    </marc:datafield>
    <marc:datafield tag="692" ind1="0" ind2="7">
      <marc:subfield code="2">gccst</marc:subfield>
      <marc:subfield code="a">Ressources halieutiques</marc:subfield>
    </marc:datafield>
    <marc:datafield tag="692" ind1="0" ind2="7">
      <marc:subfield code="2">gccst</marc:subfield>
      <marc:subfield code="a">Gestion des risques</marc:subfield>
    </marc:datafield>
    <marc:datafield tag="700" ind1="1" ind2=" ">
      <marc:subfield code="a">Rice, J. C.</marc:subfield>
    </marc:datafield>
    <marc:datafield tag="710" ind1="1" ind2=" ">
      <marc:subfield code="a">Canada. </marc:subfield>
      <marc:subfield code="b">Ministère des pêches et des océans.</marc:subfield>
    </marc:datafield>
    <marc:datafield tag="710" ind1="2" ind2=" ">
      <marc:subfield code="a">Secrétariat canadien de consultation scientifique.</marc:subfield>
    </marc:datafield>
    <marc:datafield tag="775" ind1="0" ind2="8">
      <marc:subfield code="t">Proceedings of a national peer review on ecological risk criteria to support integrated oceans management </marc:subfield>
      <marc:subfield code="w">(CaOODSP)9.843698</marc:subfield>
    </marc:datafield>
    <marc:datafield tag="830" ind1="#" ind2="0">
      <marc:subfield code="a">Compte rendu (Secrétariat canadien de consultation scientifique)</marc:subfield>
      <marc:subfield code="x">2292-4264 ; </marc:subfield>
      <marc:subfield code="v">2017/032, Région de la capitale nationale</marc:subfield>
      <marc:subfield code="w">(CaOODSP)9.502879</marc:subfield>
    </marc:datafield>
    <marc:datafield tag="856" ind1="4" ind2="0">
      <marc:subfield code="q">PDF</marc:subfield>
      <marc:subfield code="s">149 Ko</marc:subfield>
      <marc:subfield code="u">https://publications.gc.ca/collections/collection_2017/mpo-dfo/Fs70-4-2017-032-fra.pdf</marc:subfield>
    </marc:datafield>
  </marc:record>
</marc:collection>
